Novodobá falza vzácných českých mincí. Část 1. /

Hlavní autor: Nechanický, Zdeněk, 1928-
Jazyk: Čeština
Vydáno: Hradec Králové : Česká numismatická společnost, 1981
Témata:
Fyzický popis: 22 s.
Knihy
Uloženo v:
LEADER 01203nam a22003132a 4500
001 000039355
003 CZ BrMZK
005 20170217133658.0
007 ta
008 010907s1981 xr f cze d
040 |a BOA001  |b cze 
043 |a e-xr--- 
072 7 |a 73  |x Sochařství, keramika, porcelán, umělecké zpracování kovů  |2 Konspekt  |9 21 
080 |a 737.1  |2 MRF 
080 |a (437.3)  |2 MRF 
080 |a (041)  |2 MRF 
100 1 |a Nechanický, Zdeněk,  |d 1928-  |7 pna2006334389  |4 aut 
245 1 0 |a Novodobá falza vzácných českých mincí.  |n Část 1. /  |c Zdeněk Nechanický 
260 |a Hradec Králové :  |b Česká numismatická společnost,  |c 1981 
300 |a 22 s. 
504 |a Obsahuje bibliografii 
650 0 7 |a mince  |7 ph115319  |z Česko  |2 czenas 
653 0 |a falzifikáty mincí 
655 7 |a brožury  |7 fd131925  |2 czenas 
772 0 8 |i Samostatná příloha seriálu:  |t Sběratelské zprávy,  |g 1981, č. 35. 
910 |a BOA001  |b PK-0096.196,1  |b X-0867.065,1 
990 |a BK 
996 6 |b 2619173600  |c X-0867.065,1  |l MZK  |r Sklad / do 24 hodin  |n 0  |w 000039355  |u 000020  |a 1  |e BOA001  |j MZK50  |s P 
996 7 |b 3119991532  |c PK-0096.196,1  |l MZK  |r Sklad / do 1 hodiny  |n 1  |w 000039355  |u 000010  |a 1  |e BOA001  |j MZK50  |s A